<?xml version="1.0" encoding="UTF-8"?>
<record
    xmlns:xsi="http://www.w3.org/2001/XMLSchema-instance"
    xsi:schemaLocation="http://www.loc.gov/MARC21/slim http://www.loc.gov/standards/marcxml/schema/MARC21slim.xsd"
    xmlns="http://www.loc.gov/MARC21/slim">

  <leader>03127nam a2200301 a 4500</leader>
  <controlfield tag="003">OSt</controlfield>
  <controlfield tag="005">20251104124448.0</controlfield>
  <controlfield tag="007">cr ||||||a|c|a</controlfield>
  <controlfield tag="008">230619s2019    mx adb|fom||| 001 0 spa d</controlfield>
  <datafield tag="040" ind1=" " ind2=" ">
    <subfield code="e">rda</subfield>
  </datafield>
  <datafield tag="100" ind1="1" ind2=" ">
    <subfield code="9">130134</subfield>
    <subfield code="a">L&#xF3;pez D&#xED;az, Cirenia Magdalena</subfield>
  </datafield>
  <datafield tag="245" ind1="1" ind2="0">
    <subfield code="a">Formas de organizaci&#xF3;n de los productores de coco en el municipio de T&#xE9;cpan de Galeana: Guerrero</subfield>
    <subfield code="b">dos enfoques del desarrollo territorial /</subfield>
    <subfield code="c">por Cirenia Magdalena L&#xF3;pez D&#xED;az; director de tesis Mar&#xED;a de Lourdes Bar&#xF3;n Le&#xF3;n        </subfield>
  </datafield>
  <datafield tag="264" ind1=" " ind2="1">
    <subfield code="a">Chapingo, M&#xE9;xico :</subfield>
    <subfield code="b">El autor,</subfield>
    <subfield code="c">2019.</subfield>
  </datafield>
  <datafield tag="300" ind1=" " ind2=" ">
    <subfield code="a">1 recurso en l&#xED;nea (158 p&#xE1;ginas):</subfield>
    <subfield code="b">Ilustraciones, cuadros, gr&#xE1;ficas, mapas, tablas</subfield>
  </datafield>
  <datafield tag="336" ind1=" " ind2=" ">
    <subfield code="2">rdacontent</subfield>
    <subfield code="a">texto</subfield>
    <subfield code="b">txt</subfield>
  </datafield>
  <datafield tag="337" ind1=" " ind2=" ">
    <subfield code="2">rdamedia</subfield>
    <subfield code="a">computadora</subfield>
    <subfield code="b">c</subfield>
  </datafield>
  <datafield tag="338" ind1=" " ind2=" ">
    <subfield code="2">rdacarrier</subfield>
    <subfield code="a">recurso en l&#xED;nea</subfield>
    <subfield code="b">cr</subfield>
  </datafield>
  <datafield tag="502" ind1=" " ind2=" ">
    <subfield code="b">MCDRR</subfield>
    <subfield code="c">Centros Regionales</subfield>
    <subfield code="d">2019.</subfield>
    <subfield code="g">MAE</subfield>
  </datafield>
  <datafield tag="504" ind1=" " ind2=" ">
    <subfield code="a">Incluye referencias bibliogr&#xE1;ficas: p&#xE1;ginas 146-158</subfield>
  </datafield>
  <datafield tag="520" ind1=" " ind2=" ">
    <subfield code="a"> Esta investigaci&#xF3;n discute la relaci&#xF3;n organizaci&#xF3;n-desarrollo territorial, en dos organizaciones de productores de coco en el municipio de T&#xE9;cpan de Galeana, Guerrero, por ser el municipio con mayor extensi&#xF3;n plantada de coco y el estado con mayor extensi&#xF3;n plantada en el pa&#xED;s. Resultaron relevantes para el an&#xE1;lisis los conceptos de desarrollo territorial (&#x201C;desde abajo&#x201D; y &#x201C;desde arriba&#x201D;), organizaci&#xF3;n social, econom&#xED;a campesina y econom&#xED;a empresarial. Las herramientas metodol&#xF3;gicas empleadas fueron: la observaci&#xF3;n directa, consulta de archivos de las organizaciones y entrevistas semiestructuradas. El objetivo de la investigaci&#xF3;n fue contrastar dos formas de organizaci&#xF3;n de productores de coco que corresponden a dos enfoques del desarrollo territorial y a la vez se encuentran localizados en el mismo territorio. Las organizaciones fueron: San Jos&#xE9; Productores de Sur S.P.R de R.L, creada desde la iniciativa de los productores en 2016; y Comercializadora y Distribuidora de Sustratos S.P.R de R.L formada en 2010 a iniciativa de los programas estatales de desarrollo territorial. Una vez conformadas, las organizaciones son protagonistas de su proceso de desarrollo, generan beneficios econ&#xF3;micos a sus socios y fijan mano de obra. Asimismo, presentan diferencias en cuanto al tipo de socio y tipo de trabajadores que realizan las tareas agr&#xED;colas, la relaci&#xF3;n de su producci&#xF3;n con el medio ambiente y los recursos naturales utilizados, la visi&#xF3;n que los habitantes de T&#xE9;cpan tienen sobre cada una y sobre los elementos de los beneficios (s&#xF3;lo econ&#xF3;micos o incorporando aspectos sociales y culturales), as&#xED; como con respecto a la autonom&#xED;a, organizaci&#xF3;n interna y su relaci&#xF3;n con las dependencias oficiales.</subfield>
  </datafield>
  <datafield tag="650" ind1=" " ind2="4">
    <subfield code="9">24236</subfield>
    <subfield code="a">Coco</subfield>
    <subfield code="x">Aspectos econ&#xF3;micos</subfield>
  </datafield>
  <datafield tag="650" ind1=" " ind2="4">
    <subfield code="9">126987</subfield>
    <subfield code="a">Coco</subfield>
    <subfield code="x">Producci&#xF3;n</subfield>
  </datafield>
  <datafield tag="650" ind1=" " ind2="4">
    <subfield code="9">32037</subfield>
    <subfield code="a">Desarrollo de la comunidad rural</subfield>
    <subfield code="z">Guerrero</subfield>
  </datafield>
  <datafield tag="650" ind1=" " ind2="4">
    <subfield code="9">124651</subfield>
    <subfield code="a">Territorios</subfield>
    <subfield code="x">Aspectos sociales</subfield>
  </datafield>
  <datafield tag="700" ind1="1" ind2=" ">
    <subfield code="9">10296</subfield>
    <subfield code="a">Bar&#xF3;n Le&#xF3;n, Mar&#xED;a de Lourdes</subfield>
    <subfield code="e">director.</subfield>
  </datafield>
  <datafield tag="856" ind1=" " ind2=" ">
    <subfield code="u">http://10.13.5.2/tesis/tm/Lopez_Diaz_Cirenia_Magdalena.pdf</subfield>
    <subfield code="z">DESCARGAR PDF</subfield>
  </datafield>
  <datafield tag="942" ind1=" " ind2=" ">
    <subfield code="2">Clasificaci&#xF3;n Universidad Aut&#xF3;noma Chapingo</subfield>
    <subfield code="c">TD</subfield>
  </datafield>
  <datafield tag="999" ind1=" " ind2=" ">
    <subfield code="c">218958</subfield>
    <subfield code="d">218958</subfield>
  </datafield>
  <datafield tag="952" ind1=" " ind2=" ">
    <subfield code="0">0</subfield>
    <subfield code="1">0</subfield>
    <subfield code="2">local</subfield>
    <subfield code="4">0</subfield>
    <subfield code="5">1</subfield>
    <subfield code="7">0</subfield>
    <subfield code="8">TesDigM</subfield>
    <subfield code="a">BD</subfield>
    <subfield code="b">BD</subfield>
    <subfield code="c">E_L</subfield>
    <subfield code="d">2023-06-19</subfield>
    <subfield code="l">0</subfield>
    <subfield code="o">Tesis digital</subfield>
    <subfield code="r">2023-06-19 00:00:00</subfield>
    <subfield code="w">2023-06-19</subfield>
    <subfield code="y">TD</subfield>
  </datafield>
</record>
